El último viaje (Registro nro. 3215)
[ vista simple ]
| 000 -CABECERA | |
|---|---|
| Longitud fija campo de control | 01398nam a2200253Ia 4500 |
| 001 - NÚMERO DE CONTROL | |
| Número de control | 461653 |
| 003 - IDENTIFICADOR DEL NÚMERO DE CONTROL | |
| Identificador del número de control | EcQuBN |
| 007 - CAMPO FIJO DE DESCRIPCIÓN FÍSICA--INFORMACIÓN GENERAL | |
| Campo fijo de descripción física | ta |
| 008 - DATOS DE LONGITUD FIJA--INFORMACIÓN GENERAL | |
| Códigos de información de longitud fija | 130917s2007 ec gr 001 0 spa d |
| 040 ## - FUENTE DE LA CATALOGACIÓN | |
| Centro catalogador de origen | EcQuBN |
| Centro transcriptor | EcQuBN |
| 041 1# - CÓDIGO DE LENGUA | |
| Código de lengua del texto;banda sonora o título independiente | spa |
| 082 ## - NÚMERO DE LA CLASIFICACIÓN DECIMAL DEWEY | |
| Número de clasificación | 863 |
| Número de documento | A7865 |
| 084 ## - OTRO NÚMERO DE CLASIFICACIÓN | |
| Número de clasificación | FER2Lb006271 |
| 100 1# - ENTRADA PRINCIPAL--NOMBRE DE PERSONA | |
| 9 (RLIN) | 18232 |
| Nombre de persona | Arteaga Lozano, Moisés, |
| Fechas asociadas con el nombre | 1932- |
| 245 13 - MENCIÓN DE TÍTULO | |
| Título | El último viaje |
| Mención de responsabilidad, etc. | Moisés Arteaga Lozano |
| 260 ## - PUBLICACIÓN, DISTRIBUCIÓN, ETC. (PIE DE IMPRENTA) | |
| Lugar de publicación, distribución, etc. | Manta, Ecuador : |
| Nombre del editor, distribuidor, etc. | Universidad Laica \ Eloy Alfaro\ de Manabí |
| Fecha de publicación, distribución, etc. | 2007 |
| 300 ## - DESCRIPCIÓN FÍSICA | |
| Extensión | 147 p. ; |
| Dimensiones | 21 cm. |
| 500 ## - NOTA GENERAL | |
| Nota general | Ej. de acceso restringido |
| 505 0# - NOTA DE CONTENIDO CON FORMATO | |
| Nota de contenido con formato preestablecido | P. 10.- \ Por momentos podríamos afirmar que \ El último viaje\ es una novela histórica, en razón de aparecer personajes, acciones, argumento y desenlace. Pero en todo caso, es un aporte directo y frontal al conocimiento de los contenidos de una revolución que se quedó en la mitad del camino, y que hoy el pueblo ecuatoriano quiere concluirla\ -- P. 12.- \ es la historia de un acontecimiento crucial del período republicano ecuatoriano. Desearía que, especialmente sea leído por nuestra juventud que, poco o nada, conoce de esta titánica lucha por unir Costa y Sierra \ -- La obra trata sobre la construcción del Ferrocarril Guayaquil-Quito, con toda su problemática política y social, |
| 590 0# - NOTA LOCAL (RLIN) | |
| Nota local | pc |
| 650 #4 - PUNTO DE ACCESO ADICIONAL DE MATERIA--TÉRMINO DE MATERIA | |
| Nombre de materia o nombre geográfico como elemento de entrada | Ferrocarriles |
| Subdivisión de materia general | historia |
| Subdivisión geográfica | Ecuador |
| 9 (RLIN) | 12777 |
| 9 (RLIN) | 14561 |
| Nombre de materia o nombre geográfico como elemento de entrada | Novela |
| Subdivisión de materia general | historia |
| 942 ## - ELEMENTOS DE PUNTO DE ACCESO ADICIONAL (KOHA) | |
| Fuente de clasificaión o esquema | Número de Clasificación Local |
| Koha [por defecto] tipo de item | Monografía |
| Suprimido | Perdido | Fuente de clasificación o esquema | Estropeado | Restricciones de uso | No se presta | Koha Colección | Localización (Biblioteca) | Localización actual | Localización en estanterías | Fecha adquisición | Préstamos totales | Clasificación completa | Designación de pieza (código de barras) | Fecha última consulta | Número de ejemplar | Fecha del precio de reemplazo | Tipo de item de Koha |
|---|---|---|---|---|---|---|---|---|---|---|---|---|---|---|---|---|---|
| Disponible | Número de Clasificación Local | Sin daños | Acceso Restringido | No para préstamo | Biblioteca y Archivo de la CCE | Biblioteca y Archivo de la CCE | 28/02/2013 | FER2Lb006271 | E0011292 | 17/09/2013 | Ej.1 | 17/09/2013 | Monografía | ||||
| Disponible | Número de Clasificación Local | Sin daños | Sin restricciones de uso | Disponible para préstamo | Biblioteca y Archivo de la CCE | Biblioteca y Archivo de la CCE | 05/03/2013 | FER2Lb006271 | E0011336 | 17/09/2013 | Ej.2 | 17/09/2013 | Monografía |























